000 00698nam a2200217Ia 4500
001 18727
003 GE_BSU
008 181216s||||||||xx |||||||||||||| ||und||
040 _cGE_BSU
245 _aВопросы Культурологии, 1/2016
245 _cГл.ред.Агошков Андрей Валерьевич
260 _aМосква
260 _bНаука и культура
260 _c2016
300 _a92стр,26см
520 _aнаучо -практический и методический журнал
653 _aВопросы Культурологии, 1/2016
653 _aПериодика
653 _aპერიოდიკა
942 _cCR
999 _c51735
_d51735